00482nam a22001577a 4500003000400000082001800004100002000022245004900042260004400091300000700135650002400142653002400166942001200190952010500202999001700307SGT a617.645bP21M aTandon, Shefaly aEffect of infant feeding practices caries... aGurugram, HaryanabSGT Universityc2021 a90 aPediatric Dentistry aPediatric Dentistry 2ddccTH 00102ddc405171aFDbFDd2022-12-21l0o617.645 P21MpDT1377r2022-12-21 00:00:00w2022-12-21yTH c23598d23598